| 000 | 00398nam a2200157Ia 4500 | ||
|---|---|---|---|
| 008 | 151213s9999 xx 000 0 und d | ||
| 100 | _aSahitya Samsad | ||
| 245 |
_aEnglish - Bengali dictionary _cSahitya Samsad |
||
| 250 | _a5th | ||
| 260 |
_aKolkata _bSahitya Samsad |
||
| 300 | _a759 p. | ||
| 650 | _a English Language | ||
| 650 | _a English Language | ||
| 700 | _aSahitya Samsad | ||
| 999 |
_c949 _d949 |
||